[Event "Centenary THK University 2019"]
[Site "Ankara"]
[Date "2019.05.17"]
[Round "1"]
[White "Ozmen, Kemal"]
[Black "Sonmez, Yunus"]
[Result "1/2-1/2"]
[WhiteElo "1471"]
[BlackElo "1269"]
[Annotator "NA RC"]
[PlyCount "153"]
[EventDate "2019.05.17"]
[EventType "swiss"]
[EventCountry "TUR"]
[SourceTitle "playchess.com"]
[Source "ChessBase"]
[SourceQuality "1"]
[TimeControl "5400+30"]

1. e4 {[%emt 0:29:30]} c5 {[%emt 0:30:30]} 2. Nc3 {[%emt 0:00:30]} e6 {[%emt 0:00:30]} 3. g3 {[%emt 0:00:00]} g6 {[%emt 0:00:30]} 4. Bg2 {[%emt 0:00:00]} Bg7 {[%emt 0:00:30]} 5. Nge2 {[%emt 0:00:30]} Nc6 {[%emt 0:01:30]} 6. d3 {[%emt 0:00:30]} Nge7 {[%emt 0:02:30]} 7. h4 {[%emt 0:00:00]} h5 {[%emt 0:00:30]} 8. O-O {[%emt 0:00:00]} d6 {[%emt 0:01:30]} 9. Be3 {[%emt 0:03:30]} Nd4 {[%emt 0:01:30]} 10. Qd2 {[%emt 0:00:30]} Nec6 {[%emt 0:00:30]} 11. a3 {[%emt 0:00:30]} Nxe2+ {[%emt 0:00:30]} 12. Qxe2 {[%emt 0:00:30]} Nd4 {[%emt 0:00:30]} 13. Qd2 {[%emt 0:00:30]} Qb6 {[%emt 0:00:30]} 14. Rab1 {[%emt 0:00:30]} e5 {[%emt 0:01:30]} 15. Nd5 {[%emt 0:00:30]} Qd8 {[%emt 0:00:30]} 16. c3 {[%emt 0:04:30]} Ne6 {[%emt 0:03:30]} 17. b4 {[%emt 0:02:30]} b6 {[%emt 0:01:30]} 18. f4 {[%emt 0:03:30]} Nc7 {[%emt 0:00:30]} 19. Nxc7+ {[%emt 0:00:30]} Qxc7 {[%emt 0:00:30]} 20. f5 {[%emt 0:00:30]} O-O {[%emt 0:00:30]} 21. Bh6 {[%emt 0:03:30]} f6 {[%emt 0:02:30]} 22. fxg6 {[%emt 0:01:30]} Bg4 {[%emt 0:00:30]} 23. Rf2 {[%emt 0:06:30]} Bxh6 {[%emt 0:00:30]} 24. Qxh6 {[%emt 0:00:30]} Qg7 {[%emt 0:00:30]} 25. Qd2 {[%emt 0:05:30]} Qxg6 {[%emt 0:00:30]} 26. Rbf1 {[%emt 0:00:00]} Rf7 {[%emt 0:00:30]} 27. d4 {[%emt 0:01:00]} cxd4 {[%emt 0:00:30]} 28. cxd4 {[%emt 0:00:30]} Raf8 {[%emt 0:01:30]} 29. dxe5 {[%emt 0:03:30]} dxe5 {[%emt 0:01:30]} 30. Qd5 {[%emt 0:02:30]} Kg7 {[%emt 0:00:00]} 31. Bf3 {[%emt 0:00:30]} Rd7 {[%emt 0:01:00]} 32. Qc6 {[%emt 0:00:30]} Rdf7 {[%emt 0:02:30]} 33. Bxg4 {[%emt 0:05:30]} Qxg4 {[%emt 0:00:30]} 34. Kh2 {[%emt 0:01:30]} Qd7 {[%emt 0:02:30]} 35. Qc2 {[%emt 0:02:30]} Rc8 {[%emt 0:01:30]} 36. Qe2 {[%emt 0:00:30]} Qg4 {[%emt 0:00:30]} 37. Qe3 {[%emt 0:03:30]} Rc4 {[%emt 0:00:30]} 38. Re1 {[%emt 0:01:08]} Rfc7 {[%emt 0:01:30]} 39. Qf3 {[%emt 0:00:45]} R7c6 {[%emt 0:02:30]} 40. Qxg4+ {[%emt 0:01:21]} hxg4 {[%emt 0:00:00]} 41. Rd2 {[%emt 0:00:33]} Rc2 {[%emt 0:01:00]} 42. Ree2 {[%emt 0:00:22]} Rxd2 {[%emt 0:00:30]} 43. Rxd2 {[%emt 0:00:03]} a5 {[%emt 0:01:30]} 44. bxa5 {[%emt 0:03:09]} bxa5 {[%emt 0:00:00]} 45. Rd7+ {[%emt 0:00:34]} Kg6 {[%emt 0:00:00]} 46. Ra7 {[%emt 0:00:14]} Rc2+ {[%emt 0:01:30]} 47. Kg1 {[%emt 0:00:23]} Rc3 {[%emt 0:00:00]} 48. Rxa5 {[%emt 0:00:27]} Rxg3+ {[%emt 0:00:00]} 49. Kf2 {[%emt 0:00:36]} Rf3+ {[%emt 0:00:30]} 50. Kg2 {[%emt 0:01:01]} Re3 {[%emt 0:01:30]} 51. Ra6 {[%emt 0:01:33]} Rxe4 {[%emt 0:00:30]} 52. h5+ {[%emt 0:00:34]} Kxh5 {[%emt 0:00:30]} 53. Rxf6 {[%emt 0:00:17]} Kg5 {[%emt 0:01:30]} 54. Ra6 {[%emt 0:01:10]} Re2+ {[%emt 0:00:30]} 55. Kf1 {[%emt 0:00:10]} Ra2 {[%emt 0:01:30]} 56. a4 {[%emt 0:00:05]} Kf4 {[%emt 0:00:00]} 57. a5 {[%emt 0:02:11]} g3 {[%emt 0:00:00]} 58. Rf6+ {[%emt 0:01:24]} Ke3 {[%emt 0:00:30]} 59. a6 {[%emt 0:00:31]} e4 {[%emt 0:00:30]} 60. Rg6 {[%emt 0:01:46]} Kf4 {[%emt 0:00:30]} 61. Rf6+ {[%emt 0:01:04]} Kg5 {[%emt 0:00:30]} 62. Rb6 {[%emt 0:01:56]} Kf5 {[%emt 0:00:30]} 63. Rb5+ {[%emt 0:00:37]} Kf4 {[%emt 0:00:30]} 64. Rb6 {[%emt 0:00:09]} e3 {[%emt 0:01:30]} 65. Rf6+ {[%emt 0:00:37]} Ke4 {[%emt 0:00:30]} 66. Re6+ {[%emt 0:01:08]} Kd3 {[%emt 0:03:30]} 67. Rd6+ {[%emt 0:01:06]} Kc4 {[%emt 0:00:30]} 68. Rg6 {[%emt 0:01:38]} Rf2+ {[%emt 0:00:30]} 69. Ke1 {[%emt 0:00:47]} g2 {[%emt 0:01:30]} 70. a7 {[%emt 0:00:37]} Ra2 {[%emt 0:01:30]} 71. Rxg2 {[%emt 0:02:30]} Rxa7 {[%emt 0:00:30]} 72. Rg8 {[%emt 0:00:25]} Kd3 {[%emt 0:00:30]} 73. Rd8+ {[%emt 0:00:08]} Ke4 {[%emt 0:00:00]} 74. Re8+ {[%emt 0:00:19]} Kd4 {[%emt 0:00:00]} 75. Rd8+ {[%emt 0:00:06]} Kc5 {[%emt 0:00:30]} 76. Ke2 {[%emt 0:00:09]} Ra3 {[%emt 0:00:30]} 77. Rd3 {[%emt 0:00:13]} 1/2-1/2

[Event "Centenary THK University 2019"]
[Site "Ankara"]
[Date "2019.05.17"]
[Round "1"]
[White "Gurbuz, Talha Zubeyir"]
[Black "Dalar, Yusuf"]
[Result "1-0"]
[WhiteElo "1361"]
[BlackElo "1499"]
[Annotator "NA RC"]
[PlyCount "97"]
[EventDate "2019.05.17"]
[EventType "swiss"]
[EventCountry "TUR"]
[SourceTitle "playchess.com"]
[Source "ChessBase"]
[SourceQuality "1"]
[TimeControl "5400+30"]

1. d4 {[%emt 0:30:30]} Nf6 {[%emt 0:30:30]} 2. Nf3 {[%emt 0:00:30]} d5 {[%emt 0:00:00]} 3. e3 {[%emt 0:00:30]} e6 {[%emt 0:00:00]} 4. b3 {[%emt 0:00:00]} Bd6 {[%emt 0:00:30]} 5. Bd3 {[%emt 0:01:00]} O-O {[%emt 0:00:30]} 6. Nbd2 {[%emt 0:00:30]} c5 {[%emt 0:00:30]} 7. Bb2 {[%emt 0:02:30]} cxd4 {[%emt 0:00:00]} 8. exd4 {[%emt 0:00:30]} Nc6 {[%emt 0:00:00]} 9. Ne5 {[%emt 0:01:30]} Nd7 {[%emt 0:01:30]} 10. O-O {[%emt 0:07:30]} Ndxe5 {[%emt 0:02:30]} 11. dxe5 {[%emt 0:13:30]} Nxe5 {[%emt 0:00:30]} 12. Bxh7+ {[%emt 0:00:30]} Kxh7 {[%emt 0:02:30]} 13. Qh5+ {[%emt 0:00:30]} Kg8 {[%emt 0:00:00]} 14. Bxe5 {[%emt 0:00:30]} Bxe5 {[%emt 0:01:00]} 15. Qxe5 {[%emt 0:00:00]} f6 {[%emt 0:00:00]} 16. Qh5 {[%emt 0:02:00]} e5 {[%emt 0:01:00]} 17. Rad1 {[%emt 0:01:30]} Qc7 {[%emt 0:00:00]} 18. c4 {[%emt 0:00:30]} d4 {[%emt 0:00:00]} 19. f4 {[%emt 0:00:30]} Be6 {[%emt 0:03:30]} 20. Nf3 {[%emt 0:05:30]} Bf7 {[%emt 0:01:30]} 21. Qf5 {[%emt 0:01:30]} exf4 {[%emt 0:01:30]} 22. Nxd4 {[%emt 0:00:30]} Rae8 {[%emt 0:00:30]} 23. Qxf4 {[%emt 0:06:30]} Qxf4 {[%emt 0:02:30]} 24. Rxf4 {[%emt 0:00:30]} Bh5 {[%emt 0:00:00]} 25. Rd2 {[%emt 0:00:00]} Re5 {[%emt 0:03:00]} 26. Rf5 {[%emt 0:02:00]} Rfe8 {[%emt 0:04:30]} 27. Rxe5 {[%emt 0:02:30]} Rxe5 {[%emt 0:00:30]} 28. Kf2 {[%emt 0:01:49]} Kf7 {[%emt 0:03:30]} 29. Nb5 {[%emt 0:00:33]} Rf5+ {[%emt 0:01:30]} 30. Kg1 {[%emt 0:00:18]} Ke7 {[%emt 0:01:30]} 31. Nxa7 {[%emt 0:01:52]} Ra5 {[%emt 0:02:30]} 32. Nc8+ {[%emt 0:02:59]} Ke6 {[%emt 0:01:30]} 33. Nb6 {[%emt 0:02:11]} Bg6 {[%emt 0:02:30]} 34. a4 {[%emt 0:02:02]} Re5 {[%emt 0:03:30]} 35. Kf2 {[%emt 0:01:11]} Rf5+ {[%emt 0:01:30]} 36. Ke3 {[%emt 0:00:36]} Re5+ {[%emt 0:00:30]} 37. Kd4 {[%emt 0:01:18]} Kd6 {[%emt 0:01:30]} 38. Kc3+ {[%emt 0:01:24]} Kc6 {[%emt 0:05:30]} 39. Nd5 {[%emt 0:00:57]} Bf7 {[%emt 0:04:30]} 40. Nb4+ {[%emt 0:00:36]} Kc7 {[%emt 0:01:30]} 41. Nc2 {[%emt 0:01:15]} Rh5 {[%emt 0:00:35]} 42. g3 {[%emt 0:01:25]} Bg6 {[%emt 0:00:55]} 43. Nd4 {[%emt 0:00:26]} Bf7 {[%emt 0:01:01]} 44. Nb5+ {[%emt 0:00:39]} Kb6 {[%emt 0:04:12]} 45. Rd6+ {[%emt 0:01:28]} Ka5 {[%emt 0:00:35]} 46. Rd7 {[%emt 0:00:33]} Be8 {[%emt 0:00:34]} 47. Rxb7 {[%emt 0:00:23]} Rxh2 {[%emt 0:01:27]} 48. Ra7+ {[%emt 0:00:23]} Kb6 {[%emt 0:00:42]} 49. a5+ {[%emt 0:00:13]} 1-0

[Event "Centenary THK University 2019"]
[Site "Ankara"]
[Date "2019.05.18"]
[Round "2"]
[White "Ozalp, Burak"]
[Black "Sinay, Ahmet"]
[Result "0-1"]
[WhiteElo "1901"]
[BlackElo "1501"]
[Annotator "NA RC"]
[PlyCount "158"]
[EventDate "2019.05.17"]
[EventType "swiss"]
[EventCountry "TUR"]
[SourceTitle "playchess.com"]
[Source "ChessBase"]
[SourceQuality "1"]
[TimeControl "5400+30"]

1. e4 {[%emt 1:08:30]} c5 {[%emt 0:40:30]} 2. Nf3 {[%emt 0:00:30]} d6 {[%emt 0:00:30]} 3. d4 {[%emt 0:00:30]} cxd4 {[%emt 0:00:30]} 4. Nxd4 {[%emt 0:00:30]} Nf6 {[%emt 0:00:30]} 5. Nc3 {[%emt 0:00:30]} g6 {[%emt 0:00:30]} 6. Be2 {[%emt 0:00:30]} Bg7 {[%emt 0:00:30]} 7. O-O {[%emt 0:00:30]} O-O {[%emt 0:00:30]} 8. Bg5 {[%emt 0:00:30]} Nc6 {[%emt 0:00:30]} 9. Nb3 {[%emt 0:00:30]} Be6 {[%emt 0:00:30]} 10. Re1 {[%emt 0:00:30]} a6 {[%emt 0:00:30]} 11. Bf1 {[%emt 0:00:30]} b5 {[%emt 0:00:30]} 12. Nd5 {[%emt 0:00:30]} Bxd5 {[%emt 0:00:30]} 13. exd5 {[%emt 0:00:30]} Ne5 {[%emt 0:00:30]} 14. c3 {[%emt 0:00:30]} Qb6 {[%emt 0:00:30]} 15. Bxf6 {[%emt 0:00:30]} Bxf6 {[%emt 0:00:30]} 16. Nd4 {[%emt 0:00:30]} h5 {[%emt 0:00:30]} 17. f4 {[%emt 0:00:30]} Ng4 {[%emt 0:00:30]} 18. h3 {[%emt 0:00:30]} Bxd4+ {[%emt 0:00:30]} 19. Qxd4 {[%emt 0:00:30]} Qxd4+ {[%emt 0:00:30]} 20. cxd4 {[%emt 0:00:30]} Nf6 {[%emt 0:24:30]} 21. Rxe7 {[%emt 0:15:41]} Nxd5 {[%emt 0:00:30]} 22. Rd7 {[%emt 0:00:30]} Rfd8 {[%emt 0:00:30]} 23. Rxd8+ {[%emt 0:00:30]} Rxd8 {[%emt 0:00:30]} 24. a4 {[%emt 0:00:30]} Nxf4 {[%emt 0:00:30]} 25. axb5 {[%emt 0:00:30]} axb5 {[%emt 0:00:30]} 26. Bxb5 {[%emt 0:00:30]} Rb8 {[%emt 0:00:30]} 27. Ra5 {[%emt 0:00:30]} Ne6 {[%emt 0:00:30]} 28. d5 {[%emt 0:00:30]} Nd4 {[%emt 0:00:30]} 29. Bc6 {[%emt 0:00:30]} Rxb2 {[%emt 0:00:30]} 30. Ra8+ {[%emt 0:00:30]} Kg7 {[%emt 0:00:30]} 31. Rd8 {[%emt 0:00:30]} Nf5 {[%emt 0:00:30]} 32. Be8 {[%emt 0:00:30]} Re2 {[%emt 0:00:30]} 33. g4 {[%emt 0:00:30]} hxg4 {[%emt 0:00:30]} 34. hxg4 {[%emt 0:00:30]} Nh6 {[%emt 0:00:30]} 35. Bc6 {[%emt 0:00:30]} Nxg4 {[%emt 0:00:30]} 36. Rxd6 {[%emt 0:00:30]} Ne5 {[%emt 0:00:30]} 37. Kf1 {[%emt 0:00:30]} Rd2 {[%emt 0:00:30]} 38. Bb7 {[%emt 0:00:30]} g5 {[%emt 0:00:30]} 39. Ra6 {[%emt 0:00:30]} g4 {[%emt 0:00:30]} 40. Ra3 {[%emt 0:00:30]} Nc4 {[%emt 0:00:30]} 41. Ra4 {[%emt 0:00:30]} Ne3+ {[%emt 0:00:30]} 42. Ke1 {[%emt 0:00:30]} g3 {[%emt 0:00:30]} 43. Kxd2 {[%emt 0:00:30]} g2 {[%emt 0:00:30]} 44. Ra1 {[%emt 0:00:30]} Nf1+ {[%emt 0:00:30]} 45. Ke2 {[%emt 0:00:30]} g1=Q {[%emt 0:00:30]} 46. Rxf1 {[%emt 0:00:30]} Qg4+ {[%emt 0:00:30]} 47. Rf3 {[%emt 0:00:30]} Qc4+ {[%emt 0:00:30]} 48. Kf2 {[%emt 0:00:30]} Qc2+ {[%emt 0:00:00]} 49. Ke3 {[%emt 0:02:02]} Qb3+ {[%emt 0:00:00]} 50. Ke4 {[%emt 0:00:30]} Qxb7 {[%emt 0:00:00]} 51. Rd3 {[%emt 0:01:35]} Kf6 {[%emt 0:00:00]} 52. Rf3+ {[%emt 0:00:30]} Ke7 {[%emt 0:00:30]} 53. Rd3 {[%emt 0:00:30]} Kd6 {[%emt 0:00:30]} 54. Rd4 {[%emt 0:00:00]} Qe7+ {[%emt 0:00:00]} 55. Kd3 {[%emt 0:00:02]} f5 {[%emt 0:00:00]} 56. Ra4 {[%emt 0:00:00]} Kxd5 {[%emt 0:00:30]} 57. Ra5+ {[%emt 0:00:01]} Ke6 {[%emt 0:00:30]} 58. Ra2 {[%emt 0:00:30]} Qd6+ {[%emt 0:00:30]} 59. Ke2 {[%emt 0:00:30]} Qe5+ {[%emt 0:00:30]} 60. Kf1 {[%emt 0:00:30]} Qb5+ {[%emt 0:00:30]} 61. Re2+ {[%emt 0:00:30]} Kf6 {[%emt 0:00:30]} 62. Kf2 {[%emt 0:00:30]} f4 {[%emt 0:00:30]} 63. Kf3 {[%emt 0:00:30]} Kf5 {[%emt 0:00:30]} 64. Kf2 {[%emt 0:00:00]} Qc5+ {[%emt 0:00:00]} 65. Kf1 {[%emt 0:00:00]} f3 {[%emt 0:00:00]} 66. Re3 {[%emt 0:00:00]} Qc1+ {[%emt 0:00:00]} 67. Kf2 {[%emt 0:00:00]} Kg4 {[%emt 0:01:00]} 68. Re4+ {[%emt 0:00:00]} Kf5 {[%emt 0:00:30]} 69. Re3 {[%emt 0:00:00]} Kf4 {[%emt 0:01:30]} 70. Rxf3+ {[%emt 0:00:00]} Ke4 {[%emt 0:00:00]} 71. Kg2 {[%emt 0:00:00]} Qd2+ {[%emt 0:02:00]} 72. Rf2 {[%emt 0:00:00]} Qg5+ {[%emt 0:00:30]} 73. Kh2 {[%emt 0:00:17]} Ke3 {[%emt 0:00:00]} 74. Rg2 {[%emt 0:03:20]} Qh4+ {[%emt 0:00:00]} 75. Kg1 {[%emt 0:00:30]} Kf3 {[%emt 0:00:30]} 76. Rg8 {[%emt 0:00:30]} Qd4+ {[%emt 0:00:30]} 77. Kh2 {[%emt 0:00:30]} Qd2+ {[%emt 0:00:30]} 78. Kh1 {[%emt 0:02:13]} Qc1+ {[%emt 0:00:30]} 79. Kh2 {[%emt 0:00:10]} Qc2+ {[%emt 0:00:30]} 0-1

[Event "Centenary THK University 2019"]
[Site "Ankara"]
[Date "2019.05.18"]
[Round "2"]
[White "Celikel, Fatih"]
[Black "Bozdemir, Yusuf"]
[Result "1/2-1/2"]
[WhiteElo "1868"]
[BlackElo "1619"]
[Annotator "NA RC"]
[PlyCount "127"]
[EventDate "2019.05.17"]
[EventType "swiss"]
[EventCountry "TUR"]
[SourceTitle "playchess.com"]
[Source "ChessBase"]
[SourceQuality "1"]
[TimeControl "5400+30"]

1. d4 {[%emt 1:02:30]} d5 {[%emt 0:44:30]} 2. Bf4 {[%emt 0:00:30]} Nf6 {[%emt 0:01:30]} 3. e3 {[%emt 0:00:30]} e6 {[%emt 0:00:30]} 4. Nd2 {[%emt 0:00:30]} Bd6 {[%emt 0:00:30]} 5. Bg3 {[%emt 0:00:30]} Nbd7 {[%emt 0:00:30]} 6. Ngf3 {[%emt 0:00:30]} Bxg3 {[%emt 0:00:30]} 7. hxg3 {[%emt 0:00:30]} Qe7 {[%emt 0:00:30]} 8. Ne5 {[%emt 0:00:30]} Nxe5 {[%emt 0:00:30]} 9. dxe5 {[%emt 0:00:30]} Ne4 {[%emt 0:00:30]} 10. Nxe4 {[%emt 0:00:30]} dxe4 {[%emt 0:00:30]} 11. Qd4 {[%emt 0:00:30]} Bd7 {[%emt 0:00:30]} 12. Qxe4 {[%emt 0:00:30]} Bc6 {[%emt 0:00:30]} 13. Qh4 {[%emt 0:00:30]} Qc5 {[%emt 0:00:30]} 14. O-O-O {[%emt 0:00:30]} Qxe5 {[%emt 0:00:30]} 15. Qb4 {[%emt 0:01:30]} a5 {[%emt 0:00:30]} 16. Qa3 {[%emt 0:18:47]} Rd8 {[%emt 0:26:04]} 17. Rxd8+ {[%emt 0:00:30]} Kxd8 {[%emt 0:00:30]} 18. Be2 {[%emt 0:00:30]} Kc8 {[%emt 0:00:30]} 19. f4 {[%emt 0:00:30]} Qe4 {[%emt 0:00:30]} 20. Bf3 {[%emt 0:00:30]} Qb4 {[%emt 0:00:30]} 21. Bxc6 {[%emt 0:00:30]} bxc6 {[%emt 0:00:30]} 22. Qxb4 {[%emt 0:00:30]} axb4 {[%emt 0:00:30]} 23. Rh5 {[%emt 0:00:30]} Kb7 {[%emt 0:00:30]} 24. g4 {[%emt 0:00:30]} h6 {[%emt 0:00:30]} 25. g5 {[%emt 0:00:30]} Rg8 {[%emt 0:00:30]} 26. g4 {[%emt 0:00:30]} hxg5 {[%emt 0:00:30]} 27. Rxg5 {[%emt 0:00:30]} g6 {[%emt 0:00:30]} 28. f5 {[%emt 0:00:30]} exf5 {[%emt 0:00:30]} 29. gxf5 {[%emt 0:00:30]} Re8 {[%emt 0:00:30]} 30. fxg6 {[%emt 0:00:30]} fxg6 {[%emt 0:00:30]} 31. Rg3 {[%emt 0:00:30]} Re5 {[%emt 0:00:30]} 32. Kd2 {[%emt 0:00:30]} g5 {[%emt 0:00:30]} 33. Kd3 {[%emt 0:00:30]} c5 {[%emt 0:00:30]} 34. e4 {[%emt 0:00:30]} Kb6 {[%emt 0:00:30]} 35. Rf3 {[%emt 0:00:30]} Re6 {[%emt 0:00:30]} 36. Rf5 {[%emt 0:00:30]} Rg6 {[%emt 0:00:30]} 37. e5 {[%emt 0:00:30]} Kb5 {[%emt 0:00:30]} 38. Ke4 {[%emt 0:00:30]} g4 {[%emt 0:00:30]} 39. Rf1 {[%emt 0:00:30]} g3 {[%emt 0:00:30]} 40. Kf5 {[%emt 0:01:15]} g2 {[%emt 0:02:33]} 41. Rg1 {[%emt 0:00:30]} Rg3 {[%emt 0:00:30]} 42. Kf4 {[%emt 0:00:30]} Rg6 {[%emt 0:00:30]} 43. Kf5 {[%emt 0:00:30]} Rg3 {[%emt 0:00:04]} 44. Ke6 {[%emt 0:00:25]} Kc6 {[%emt 0:00:41]} 45. c4 {[%emt 0:01:06]} bxc3 {[%emt 0:00:19]} 46. bxc3 {[%emt 0:00:30]} c4 {[%emt 0:00:00]} 47. a4 {[%emt 0:02:59]} Rxc3 {[%emt 0:02:34]} 48. Rxg2 {[%emt 0:00:44]} Ra3 {[%emt 0:00:15]} 49. Ke7 {[%emt 0:01:44]} Rxa4 {[%emt 0:00:30]} 50. e6 {[%emt 0:00:13]} c3 {[%emt 0:00:18]} 51. Kf7 {[%emt 0:01:25]} Rf4+ {[%emt 0:00:39]} 52. Ke8 {[%emt 0:00:30]} Kd6 {[%emt 0:00:30]} 53. e7 {[%emt 0:01:28]} Re4 {[%emt 0:02:09]} 54. Rg6+ {[%emt 0:00:16]} Kc5 {[%emt 0:04:30]} 55. Kd7 {[%emt 0:01:22]} Kb4 {[%emt 0:00:39]} 56. Rc6 {[%emt 0:01:26]} Kb3 {[%emt 0:01:20]} 57. Rxc7 {[%emt 0:00:05]} c2 {[%emt 0:00:32]} 58. Rb7+ {[%emt 0:00:20]} Ka2 {[%emt 0:00:36]} 59. Ra7+ {[%emt 0:00:38]} Kb2 {[%emt 0:00:40]} 60. Rb7+ {[%emt 0:00:04]} Ka2 {[%emt 0:00:00]} 61. Rc7 {[%emt 0:00:24]} Kb2 {[%emt 0:00:00]} 62. Rxc2+ {[%emt 0:00:20]} Kxc2 {[%emt 0:00:31]} 63. e8=Q {[%emt 0:00:08]} Rxe8 {[%emt 0:00:06]} 64. Kxe8 {[%emt 0:00:34]} 1/2-1/2

[Event "Centenary THK University 2019"]
[Site "Ankara"]
[Date "2019.05.18"]
[Round "2"]
[White "Ozcan, Kadir Kutay"]
[Black "Macit, Mehmet Alper"]
[Result "1-0"]
[WhiteElo "1822"]
[BlackElo "1501"]
[Annotator "NA RC"]
[PlyCount "51"]
[EventDate "2019.05.17"]
[EventType "swiss"]
[EventCountry "TUR"]
[SourceTitle "playchess.com"]
[Source "ChessBase"]
[SourceQuality "1"]
[TimeControl "5400+30"]

1. e4 {[%emt 0:33:30]} c5 {[%emt 1:01:30]} 2. Nf3 {[%emt 0:00:30]} d6 {[%emt 0:00:30]} 3. d4 {[%emt 0:00:30]} cxd4 {[%emt 0:00:30]} 4. Nxd4 {[%emt 0:00:30]} Nf6 {[%emt 0:00:30]} 5. Nc3 {[%emt 0:00:30]} Nc6 {[%emt 0:00:30]} 6. Bc4 {[%emt 0:00:30]} g6 {[%emt 0:00:30]} 7. Nxc6 {[%emt 0:00:30]} bxc6 {[%emt 0:00:30]} 8. e5 {[%emt 0:00:30]} dxe5 {[%emt 0:00:30]} 9. Bxf7+ {[%emt 0:00:30]} Kxf7 {[%emt 0:00:30]} 10. Qxd8 {[%emt 0:00:30]} Bg7 {[%emt 0:00:30]} 11. Qd1 {[%emt 0:00:30]} Ba6 {[%emt 0:00:30]} 12. Qf3 {[%emt 0:00:30]} Rab8 {[%emt 0:00:30]} 13. Qxc6 {[%emt 0:00:30]} Rb6 {[%emt 0:00:30]} 14. Qa4 {[%emt 0:00:30]} Rd8 {[%emt 0:00:30]} 15. Bd2 {[%emt 0:00:30]} Rd4 {[%emt 0:00:30]} 16. Qa3 {[%emt 0:00:30]} Rxd2 {[%emt 0:00:30]} 17. Kxd2 {[%emt 0:00:30]} Bh6+ {[%emt 0:00:30]} 18. Ke1 {[%emt 0:00:30]} Bb7 {[%emt 0:00:30]} 19. Kf1 {[%emt 0:00:30]} Ba6+ {[%emt 0:00:30]} 20. Ke1 {[%emt 0:00:30]} Bb7 {[%emt 0:00:30]} 21. Qxa7 {[%emt 0:00:30]} Rxb2 {[%emt 0:00:30]} 22. Rb1 {[%emt 0:00:30]} Rxc2 {[%emt 0:00:30]} 23. Rxb7 {[%emt 0:00:30]} Rxc3 {[%emt 0:00:30]} 24. Rxe7+ {[%emt 0:00:30]} Kg8 {[%emt 0:00:30]} 25. Rc7 {[%emt 0:00:30]} Rd3 {[%emt 0:00:30]} 26. Qa6 {[%emt 0:00:30]} 1-0

[Event "Centenary THK University 2019"]
[Site "Ankara"]
[Date "2019.05.18"]
[Round "2"]
[White "Subasi, Fidel"]
[Black "Guven, Oguz Kagan"]
[Result "0-1"]
[WhiteElo "1702"]
[BlackElo "2103"]
[Annotator "TA"]
[PlyCount "130"]
[EventDate "2019.05.17"]
[EventType "swiss"]
[EventCountry "TUR"]
[SourceTitle "playchess.com"]
[Source "ChessBase"]
[SourceQuality "1"]

{[%evp 9,130,34,64,19,45,13,12,0,8,-6,15,17,17,0,20,-28,19,-41,2,-1,0,-39,-18,-20,-22,-54,-6,-59,-59,-62,-56,-52,-40,-64,-12,-87,-81,-93,-85,-91,-89,-120,-128,-300,-212,-275,-191,-216,-204,-233,-208,-235,-218,-214,-210,-228,-246,-216,-35,-43,-53,-44,0,0,0,0,0,-451,-450,-450,-428,-607,-594,-603,-595,-791,-754,-787,-785,-792,-694,-791,-791,-784,-783,-764,-761,-703,-709,-702,-679,-1468,-1290,-1106,-1339,-916,-735,-921,-883,-985,-960,-920,-921,-921,-914,-5310,-2539,-29976,-29977,-29976,-2627,-29977,-29978,-29979,-29980,-29968,-1061,-29996,-29988,-29988,-29989,-29998,-29999]} 1. d4 g6 2. e4 Bg7 3. Nc3 d6 4. Bf4 a6 5. Nf3 (5. Qd2 b5 6. Nf3 Bb7 7. Bd3 Nd7 8. O-O c5 9. dxc5 Nxc5 10. b4 Nxd3 11. cxd3 Nf6 12. Bh6 {0-1 (41) Demchenko,A (2679)-Petrosian,T (2598) St Petersburg 2018}) 5... b5 6. a4 {B06: Modern Defence} b4 7. Na2 Bb7 8. Bd3 {The position is equal.} c5 9. c3 bxc3 $146 ({Predecessor:} 9... cxd4 10. cxd4 a5 11. O-O Nf6 12. Re1 O-O {1-0 (40) Arndt,M (2120)-Beeck,M (2120) Kiel 2018}) 10. bxc3 Nf6 11. Qb3 Ra7 ({But not} 11... Bxe4 $2 12. Bxe4 Nxe4 13. Qb7 $18) 12. O-O O-O 13. Rfe1 (13. d5 $11) 13... Nc6 14. Bg5 Na5 15. Qc2 Qc7 16. dxc5 dxc5 17. Rab1 Ng4 18. Bh4 ({White should play} 18. h3 $11 Ne5 19. Nxe5 Bxe5 20. Red1) 18... Ne5 $15 19. Nxe5 Bxe5 20. Bg3 Bxg3 21. hxg3 Bc6 (21... Rd8 $15) 22. c4 (22. Nb4 $11 {keeps the balance.}) 22... Rb8 23. Nc3 e6 24. f4 Rab7 25. e5 Rb4 26. g4 $2 (26. Qf2 $17) 26... Nxc4 27. Rxb4 Rxb4 28. Ne4 Bxe4 ({Stronger than} 28... Bxa4 29. Nf6+ Kf8 30. Qf2 $11) 29. Rxe4 Na3 30. Qa2 Rxe4 31. Bxe4 Qa5 {White must now prevent ...Qe1+.} 32. Bf3 Qb4 33. f5 c4 $2 (33... Nc4 $19 34. fxe6 Qe1+ 35. Kh2 Qxe5+ 36. g3 Qxe6) 34. fxe6 $1 fxe6 35. Kh2 $1 Qc5 {[#] ...Kf7 is the strong threat.} 36. Kh3 Kf7 {aiming for ...c3.} 37. Qd2 c3 38. Qf4+ $2 {[%mdl 8192]} (38. Qd7+ $1 $11 {and White is okay.} Qe7 39. Qc8) 38... Kg8 $19 39. Qf6 Qc8 {Hoping for ...c2.} 40. Be4 (40. Bb7 $142 Qd7 41. Bc6 Qxc6 42. Qd8+ Kf7 43. Qf6+ Ke8 44. Qh8+ Kd7 45. Qg7+ Kd8 46. Qf8+ Kc7 47. Qe7+ Kb6 48. Qb4+ Nb5 49. axb5 axb5 50. Qf4) 40... c2 41. Bxc2 Nxc2 ({Not} 41... Qxc2 42. Qxe6+ Kf8 43. Qd6+ Ke8 44. Qxa3 $14) 42. Kh4 Ne3 43. Qe7 Nd5 44. Qd6 Kf7 45. Kh3 Qc3+ 46. Kh2 a5 47. Qd7+ Ne7 48. Qb5 Qb4 {( -> ...Qxb5)} 49. Qf1+ Ke8 50. Qf6 Qxg4 51. Qh8+ Kd7 52. Qb8 Qc4 53. Qd6+ Ke8 54. Qb8+ Kf7 55. Qh8 Qh4+ 56. Kg1 Nf5 57. Qb8 Qxa4 58. Qh8 Qd4+ 59. Kh2 Qh4+ 60. Kg1 a4 61. Qb8 Qd4+ 62. Kf1 a3 (62... Kg7 $142 63. g4 a3 64. Qc7+ Kh6 65. Qc6 Qd1+ 66. Kg2 Nh4+ 67. Kh3 Qd3+ 68. Kh2 {[#]} Qe2+ $1 {[%mdl 512]} 69. Kg3 a2 70. g5+ Kh5 71. Qh1 Qe3+ 72. Kh2 Qf2+ 73. Kh3 a1=Q 74. Qd1+ Nf3 75. Qxf3+ {[%mdl 64] Remove Defender} Qxf3+ 76. Kh2 Qah1#) 63. Qh8 Qd1+ {Black mates.} 64. Kf2 Qd2+ 65. Kf3 Qe3+ {Accuracy: White = 34%, Black = 51%.} 0-1